Úloha inovácie, vedy a výskumu v novej ekonomike
Charakteristika novej ekonomiky. Základné princípy znalostnej ekonomiky. Teoretické východiská inovácií, výskumu a vývoja, znalostí v novej ekonomike. Východisková pozícia SR v oblasti inovácií, vedy a výskumu, znalostí. Aktuálne trendy vývoja v najvyspelejších ekonomikách. Smerovanie k novej ekonom...
Salvato in:
| Autore principale: | |
|---|---|
| Natura: | Capitolo di libro |
| Lingua: | slovacco |
| Soggetti: | |
| Tags: |
Nessun Tag, puoi essere il primo ad aggiungerne!!
|
MARC
| LEADER | 00000nla$a2200000$$$4500 | ||
|---|---|---|---|
| 001 | 0079819 | ||
| 005 | 20240502071916.5 | ||
| 041 | 0 | |a slo | |
| 044 | |a SK | ||
| 245 | 1 | 0 | |a Úloha inovácie, vedy a výskumu v novej ekonomike |c Eva Muchová |
| 520 | |a Charakteristika novej ekonomiky. Základné princípy znalostnej ekonomiky. Teoretické východiská inovácií, výskumu a vývoja, znalostí v novej ekonomike. Východisková pozícia SR v oblasti inovácií, vedy a výskumu, znalostí. Aktuálne trendy vývoja v najvyspelejších ekonomikách. Smerovanie k novej ekonomike (strategické kroky). | ||
| 610 | 2 | 0 | |a ekonomika vedomostná |
| 610 | 2 | 0 | |a inovácia |
| 610 | 2 | 0 | |a veda |
| 610 | 2 | 0 | |a výskum |
| 610 | 2 | 0 | |a ekonomika nová |
| 610 | 2 | 0 | |a univerzity |
| 100 | 1 | |a Muchová, Eva, 1961- | |